000 00247pab a2200109 454500
008 180718b xxu||||| |||| 00| 0 eng d
100 _aSezhiyan, Era
245 _aThe Governor is not an agent
650 _aGovernor
773 _aHindu
909 _a21789
999 _c21789
_d21789